Abang sayang adik manis (Record no. 132749)

MARC details
000 -LEADER
fixed length control field 00677nam a2200253 i 4500
001 - CONTROL NUMBER
control field C2-0334255
003 - CONTROL NUMBER IDENTIFIER
control field PPAK
005 - DATE AND TIME OF LATEST TRANSACTION
control field 20180728134120.0
008 - FIXED-LENGTH DATA ELEMENTS--GENERAL INFORMATION
fixed length control field 151020s2015 my |||| ||||| | may d
020 ## - INTERNATIONAL STANDARD BOOK NUMBER
International Standard Book Number 9789670870045
040 ## - CATALOGING SOURCE
Original cataloging agency PPAK
Language of cataloging eng
Transcribing agency PPAK
Description conventions rda
082 04 - DEWEY DECIMAL CLASSIFICATION NUMBER
Classification number 899.233
Edition number 23
090 00 - LOCALLY ASSIGNED LC-TYPE CALL NUMBER (OCLC); LOCAL CALL NUMBER (RLIN)
Classification number (OCLC) (R) ; Classification number, CALL (RLIN) (NR) 899.233
Feature heading AIL
Feature heading G
100 0# - MAIN ENTRY--PERSONAL NAME
Personal name Ailah Diela,
Relator term author
245 10 - TITLE STATEMENT
Title Abang sayang adik manis
264 #1 - PRODUCTION, PUBLICATION, DISTRIBUTION, MANUFACTURE, AND COPYRIGHT NOTICE
Place of production, publication, distribution, manufacture Kajang, Selangor :
Name of producer, publisher, distributor, manufacturer Anaasa Publication ,
Date of production, publication, distribution, manufacture, or copyright notice 2015
300 ## - PHYSICAL DESCRIPTION
Extent 609 pages ;
Dimensions 19 cm
336 ## - CONTENT TYPE
Source rdacontent
Content type term text
337 ## - MEDIA TYPE
Source rdamedia
Media type term unmediated
338 ## - CARRIER TYPE
Source rdacarrier
Carrier type term volume
650 10 - SUBJECT ADDED ENTRY--TOPICAL TERM
Topical term or geographic name entry element Malay fiction.
700 0# - ADDED ENTRY--PERSONAL NAME
Personal name Quefira,
Relator term editor
942 ## - ADDED ENTRY ELEMENTS (KOHA)
-- dc
Koha item type Book
Holdings
Withdrawn Not for loan Current library Shelving location Date acquired Full call number Barcode Date last seen Koha item type Total Checkouts Date last checked out
    Perpustakaan Alor Setar Pinjaman Dewasa 02/11/2015 899.233 AIL A01459929 06/09/2018 Book 3 20/08/2018
    PD15, Kg. Naga, Kepala Batas Pinjaman Dewasa 02/11/2015 899.233 AIL A01459935 09/05/2018 Book    
    PD35, Kg. Sungai Daun, Yan Pinjaman Dewasa 02/11/2015 899.233 AIL A01459931 09/05/2018 Book    
    PD36, Kg. Kuala Lanjut, Kota Star Pinjaman Dewasa 02/11/2015 899.233 AIL A01459932 09/05/2018 Book    
    PD37, Kg. Belat, Pendang Pinjaman Dewasa 02/11/2015 899.233 AIL A01459933 09/05/2018 Book    
    PD38, KEDA Tanjung Setol, Pendang Pinjaman Dewasa 02/11/2015 899.233 AIL A01459934 09/05/2018 Book    
    PD39, Felda Bukit Tembaga, Kuala Nerang Pinjaman Dewasa 02/11/2015 899.233 AIL A01459936 09/05/2018 Book